[Event "EYTCC-G"]
[Site "?"]
[Date "2017.08.20"]
[Round "4.12"]
[White "Kovacs, Judit"]
[Black "Caglar, Sila"]
[Result "1/2-1/2"]
[BlackElo "2136"]
[WhiteElo "2062"]
[LiveChessVersion "1.4.6"]

1. Nf3 {[%clk 1:30:56]} Nf6 {[%clk 1:30:55]} 2. c4 {[%clk 1:31:10]} g6
{[%clk 1:31:15]} 3. g3 {[%clk 1:31:19]} Bg7 {[%clk 1:31:39]} 4. Bg2
{[%clk 1:31:42]} O-O {[%clk 1:32:03]} 5. d4 {[%clk 1:31:41]} d6 {[%clk 1:32:27]}
6. Nc3 {[%clk 1:31:58]} Nbd7 {[%clk 1:32:44]} 7. O-O {[%clk 1:31:38]} e5
{[%clk 1:32:56]} 8. e4 {[%clk 1:31:24]} exd4 {[%clk 1:33:11]} 9. Nxd4
{[%clk 1:31:06]} Re8 {[%clk 1:33:27]} 10. h3 {[%clk 1:30:00]} a6 {[%clk 1:33:25]}
11. Be3 {[%clk 1:28:24]} Rb8 {[%clk 1:33:45]} 12. Rc1 {[%clk 1:25:12]} Ne5
{[%clk 1:32:18]} 13. b3 {[%clk 1:23:12]} c5 {[%clk 1:30:34]} 14. Nde2
{[%clk 1:19:55]} Qc7 {[%clk 1:24:30]} 15. g4 {[%clk 0:55:10]} b5 {[%clk 1:12:42]}
16. g5 {[%clk 0:50:15]} Nfd7 {[%clk 1:09:50]} 17. Nd5 {[%clk 0:45:38]} Qd8
{[%clk 1:04:33]} 18. f4 {[%clk 0:43:38]} Nc6 {[%clk 1:04:28]} 19. cxb5
{[%clk 0:42:19]} axb5 {[%clk 1:03:56]} 20. b4 {[%clk 0:35:00]} Nxb4
{[%clk 0:36:53]} 21. Nxb4 {[%clk 0:34:45]} cxb4 {[%clk 0:37:15]} 22. Qxd6
{[%clk 0:32:33]} Bf8 {[%clk 0:34:54]} 23. Qd3 {[%clk 0:31:19]} Ra8
{[%clk 0:23:53]} 24. Qd5 {[%clk 0:28:04]} Ra3 {[%clk 0:21:43]} 25. Bd4
{[%clk 0:27:50]} Nb8 {[%clk 0:19:27]} 26. Qxd8 {[%clk 0:11:51]} Rxd8
{[%clk 0:19:56]} 27. Bf6 {[%clk 0:10:51]} Re8 {[%clk 0:19:43]} 28. Nd4
{[%clk 0:07:51]} Bxh3 {[%clk 0:09:44]} 29. Bxh3 {[%clk 0:08:14]} Rxh3
{[%clk 0:10:10]} 30. Nxb5 {[%clk 0:08:24]} Rxe4 {[%clk 0:09:14]} 31. Rfd1
{[%clk 0:05:38]} Rhe3 {[%clk 0:05:33]} 32. Nc7 {[%clk 0:04:10]} b3
{[%clk 0:03:07]} 33. Nd5 {[%clk 0:03:04]} Rh3 {[%clk 0:02:00]} 34. axb3
{[%clk 0:02:13]} Re8 {[%clk 0:01:11]} 35. Nc7 {[%clk 0:01:46]} Rc8
{[%clk 0:01:09]} 36. Be5 {[%clk 0:02:11]} Bg7 {[%clk 0:00:44]} 37. Nd5
{[%clk 0:00:54]} Rxc1 {[%clk 0:01:02]} 38. Rxc1 {[%clk 0:01:20]} Bxe5
{[%clk 0:01:14]} 39. fxe5 {[%clk 0:01:42]} Rxb3 {[%clk 0:00:50]} 40. Rc8+
{[%clk 0:30:46]} Kg7 {[%clk 0:31:13]} 41. Nf6 {[%clk 0:18:11]} Rg3+
{[%clk 0:31:32]} 42. Kh2 {[%clk 0:18:32]} Rxg5 {[%clk 0:31:56]} 43. Rg8+
{[%clk 0:18:57]} Kh6 {[%clk 0:32:15]} 44. Rxb8 {[%clk 0:18:58]} Rf5
{[%clk 0:30:46]} 45. Kg3 {[%clk 0:12:53]} Rf1 {[%clk 0:30:17]} 46. Rf8
{[%clk 0:12:18]} Kg7 {[%clk 0:30:16]} 47. Rg8+ {[%clk 0:12:39]} Kh6
{[%clk 0:30:41]} 48. Rh8 {[%clk 0:12:37]} Kg5 {[%clk 0:27:15]} 49. Nxh7+
{[%clk 0:12:28]} Kf5 {[%clk 0:27:31]} 50. Re8 {[%clk 0:11:52]} Re1
{[%clk 0:27:49]} 51. Re7 {[%clk 0:11:29]} Re3+ {[%clk 0:27:50]} 52. Kf2
{[%clk 0:11:29]} Rxe5 {[%clk 0:28:13]} 1/2-1/2

[Event "EYTCC-G"]
[Site "?"]
[Date "2017.08.20"]
[Round "4.13"]
[White "Adamczyk, Zuzanna"]
[Black "Kozubal, Aleksandra"]
[Result "1/2-1/2"]
[BlackElo "1733"]
[WhiteElo "1753"]
[LiveChessVersion "1.4.6"]

1. e4 {[%clk 1:30:53]} e5 {[%clk 1:30:51]} 2. Nf3 {[%clk 1:31:04]} Nc6
{[%clk 1:31:04]} 3. d4 {[%clk 1:31:13]} exd4 {[%clk 1:31:08]} 4. Nxd4
{[%clk 1:31:23]} Nf6 {[%clk 1:30:59]} 5. Nxc6 {[%clk 1:30:50]} bxc6
{[%clk 1:31:08]} 6. e5 {[%clk 1:30:41]} Qe7 {[%clk 1:31:22]} 7. Qe2
{[%clk 1:30:31]} Nd5 {[%clk 1:31:22]} 8. g3 {[%clk 1:30:09]} g6 {[%clk 1:25:47]}
9. b3 {[%clk 1:29:56]} Bg7 {[%clk 1:15:45]} 10. Bb2 {[%clk 1:29:48]} O-O
{[%clk 1:08:29]} 11. Bg2 {[%clk 1:28:16]} Re8 {[%clk 1:07:48]} 12. f4
{[%clk 1:20:58]} f6 {[%clk 1:02:52]} 13. c4 {[%clk 1:20:52]} Nb6 {[%clk 0:58:51]}
14. O-O {[%clk 1:19:43]} fxe5 {[%clk 0:53:58]} 15. Re1 {[%clk 1:19:09]} exf4
{[%clk 0:51:59]} 16. Qxe7 {[%clk 1:15:27]} Rxe7 {[%clk 0:52:17]} 17. Nc3
{[%clk 1:14:31]} Bd4+ {[%clk 0:48:15]} 18. Kf1 {[%clk 1:12:09]} Rf7
{[%clk 0:44:45]} 19. g4 {[%clk 1:09:31]} f3 {[%clk 0:41:51]} 20. Bh1
{[%clk 1:07:59]} d5 {[%clk 0:38:19]} 21. Rad1 {[%clk 1:04:24]} c5
{[%clk 0:36:43]} 22. h3 {[%clk 0:59:06]} dxc4 {[%clk 0:34:51]} 23. b4
{[%clk 0:58:00]} Ba6 {[%clk 0:27:01]} 24. bxc5 {[%clk 0:54:19]} Bxc5
{[%clk 0:27:04]} 25. Re5 {[%clk 0:52:50]} Bd6 {[%clk 0:24:04]} 26. Ra5
{[%clk 0:51:23]} Bb7 {[%clk 0:22:53]} 27. Nb5 {[%clk 0:45:51]} Be4
{[%clk 0:15:52]} 28. Nxd6 {[%clk 0:44:03]} cxd6 {[%clk 0:16:17]} 29. Bd4
{[%clk 0:33:34]} Nd5 {[%clk 0:09:57]} 30. Re1 {[%clk 0:30:20]} Bd3+
{[%clk 0:09:13]} 31. Kf2 {[%clk 0:30:39]} Nb4 {[%clk 0:05:45]} 32. Bc3
{[%clk 0:28:15]} Nc2 {[%clk 0:04:25]} 33. Re6 {[%clk 0:27:51]} h6
{[%clk 0:03:20]} 34. Rd5 {[%clk 0:25:58]} Rb8 {[%clk 0:01:22]} 35. Rexd6
{[%clk 0:23:35]} Rb1 {[%clk 0:00:43]} 36. Rd8+ {[%clk 0:23:13]} Rf8
{[%clk 0:01:11]} 37. Rxf8+ {[%clk 0:23:23]} Kxf8 {[%clk 0:01:38]} 38. Bxf3
{[%clk 0:23:13]} Rf1+ {[%clk 0:01:46]} 39. Kg3 {[%clk 0:23:20]} Rc1
{[%clk 0:00:37]} 40. Rd7 {[%clk 0:51:34]} Rg1+ {[%clk 0:30:36]} 41. Kh2
{[%clk 0:50:20]} Rf1 {[%clk 0:29:52]} 42. Bg7+ {[%clk 0:45:54]} Ke8
{[%clk 0:29:49]} 43. Bc6 {[%clk 0:45:57]} Nb4 {[%clk 0:29:07]} 44. Ba4
{[%clk 0:29:57]} Rf2+ {[%clk 0:17:09]} 45. Kg3 {[%clk 0:29:20]} Rxa2
{[%clk 0:17:14]} 46. Rxa7+ {[%clk 0:29:37]} Kd8 {[%clk 0:16:34]} 47. Bf6+
{[%clk 0:17:01]} Kc8 {[%clk 0:16:41]} 48. Be5 {[%clk 0:17:15]} Kd8
{[%clk 0:09:33]} 49. Bd6 {[%clk 0:16:41]} Nc6 {[%clk 0:03:48]} 50. Ra8+
{[%clk 0:15:37]} 1/2-1/2

[Event "EYTCC-G"]
[Site "?"]
[Date "2017.08.20"]
[Round "4.14"]
[White "Krzysztynska, Anna"]
[Black "Buchta, Agnieszka"]
[Result "1/2-1/2"]
[BlackElo "1720"]
[WhiteElo "1717"]
[LiveChessVersion "1.4.6"]

1. e4 {[%clk 1:30:54]} e6 {[%clk 1:30:54]} 2. d4 {[%clk 1:31:10]} d5
{[%clk 1:31:18]} 3. e5 {[%clk 1:31:32]} c5 {[%clk 1:31:42]} 4. c3
{[%clk 1:31:47]} Qb6 {[%clk 1:32:04]} 5. Nf3 {[%clk 1:31:57]} Nc6
{[%clk 1:32:27]} 6. a3 {[%clk 1:32:09]} Bd7 {[%clk 1:32:41]} 7. b4
{[%clk 1:31:18]} cxd4 {[%clk 1:33:01]} 8. cxd4 {[%clk 1:31:33]} Rc8
{[%clk 1:33:10]} 9. Be3 {[%clk 1:30:22]} Nh6 {[%clk 1:32:21]} 10. Bd3
{[%clk 1:29:58]} Ng4 {[%clk 1:32:09]} 11. O-O {[%clk 1:27:58]} Be7
{[%clk 1:31:50]} 12. Nbd2 {[%clk 1:26:31]} Nxe3 {[%clk 1:32:01]} 13. fxe3
{[%clk 1:26:53]} Nb8 {[%clk 1:31:38]} 14. Qe2 {[%clk 1:18:24]} Ba4
{[%clk 1:31:04]} 15. Rac1 {[%clk 1:17:25]} O-O {[%clk 1:30:25]} 16. Qf2
{[%clk 1:09:39]} Rxc1 {[%clk 1:21:57]} 17. Rxc1 {[%clk 1:09:54]} g6
{[%clk 1:21:58]} 18. Qg3 {[%clk 1:00:21]} a5 {[%clk 1:15:02]} 19. b5
{[%clk 0:49:45]} Qd8 {[%clk 1:01:09]} 20. h4 {[%clk 0:30:56]} Qd7
{[%clk 0:50:51]} 21. Rb1 {[%clk 0:27:54]} Rc8 {[%clk 0:48:20]} 22. h5
{[%clk 0:20:34]} Bc2 {[%clk 0:40:36]} 23. Bxc2 {[%clk 0:20:18]} Rxc2
{[%clk 0:41:02]} 24. hxg6 {[%clk 0:18:41]} hxg6 {[%clk 0:41:04]} 25. Kf2
{[%clk 0:12:49]} Bxa3 {[%clk 0:33:37]} 26. Rh1 {[%clk 0:11:41]} Bf8
{[%clk 0:32:43]} 27. Qh4 {[%clk 0:10:20]} Bg7 {[%clk 0:32:39]} 28. Kg3
{[%clk 0:09:33]} Rc3 {[%clk 0:25:29]} 29. Qg5 {[%clk 0:09:10]} Kf8
{[%clk 0:22:43]} 30. Rh7 {[%clk 0:09:07]} Qc7 {[%clk 0:16:12]} 31. Kf2
{[%clk 0:08:16]} Nd7 {[%clk 0:14:36]} 32. Qf4 {[%clk 0:07:03]} Nb6
{[%clk 0:11:51]} 33. Ng5 {[%clk 0:06:51]} Qe7 {[%clk 0:08:35]} 34. Qh4
{[%clk 0:06:26]} Qc7 {[%clk 0:02:59]} 1/2-1/2

[Event "EYTCC-G"]
[Site "?"]
[Date "2017.08.20"]
[Round "4.15"]
[White "Erseki, Tamara"]
[Black "Srdanovic, Jovana"]
[Result "1-0"]
[BlackElo "2105"]
[WhiteElo "2119"]
[LiveChessVersion "1.4.6"]

1. e4 {[%clk 1:30:58]} c5 {[%clk 1:30:54]} 2. Nf3 {[%clk 1:31:20]} d6
{[%clk 1:31:16]} 3. d4 {[%clk 1:31:40]} cxd4 {[%clk 1:31:39]} 4. Nxd4
{[%clk 1:32:06]} Nf6 {[%clk 1:31:56]} 5. Nc3 {[%clk 1:32:29]} a6 {[%clk 1:32:18]}
6. Bg5 {[%clk 1:32:26]} e6 {[%clk 1:32:34]} 7. f4 {[%clk 1:32:41]} Be7
{[%clk 1:32:37]} 8. Qf3 {[%clk 1:32:23]} Qc7 {[%clk 1:32:02]} 9. O-O-O
{[%clk 1:31:43]} Nbd7 {[%clk 1:32:07]} 10. g4 {[%clk 1:30:16]} h6
{[%clk 1:30:52]} 11. Bxf6 {[%clk 1:26:58]} Bxf6 {[%clk 1:30:12]} 12. h4
{[%clk 1:24:38]} Qb6 {[%clk 0:52:03]} 13. Nde2 {[%clk 1:14:04]} g6
{[%clk 0:32:35]} 14. Bg2 {[%clk 1:04:48]} Bg7 {[%clk 0:26:16]} 15. Qd3
{[%clk 0:53:19]} Bf8 {[%clk 0:23:42]} 16. h5 {[%clk 0:40:35]} Rg8
{[%clk 0:22:12]} 17. hxg6 {[%clk 0:37:32]} fxg6 {[%clk 0:21:36]} 18. Qc4
{[%clk 0:31:28]} Nf6 {[%clk 0:19:54]} 19. Bh3 {[%clk 0:19:21]} Rg7
{[%clk 0:16:27]} 20. Qd3 {[%clk 0:18:24]} g5 {[%clk 0:16:36]} 21. e5
{[%clk 0:16:28]} dxe5 {[%clk 0:15:52]} 22. fxe5 {[%clk 0:16:49]} Nd7
{[%clk 0:15:47]} 23. Rhf1 {[%clk 0:10:52]} Nxe5 {[%clk 0:13:29]} 24. Qe4
{[%clk 0:10:39]} Nf7 {[%clk 0:10:58]} 25. Nd5 {[%clk 0:09:03]} Qc5
{[%clk 0:09:25]} 26. Nf6+ {[%clk 0:06:55]} Ke7 {[%clk 0:09:39]} 27. Nc3
{[%clk 0:04:54]} Nd6 {[%clk 0:08:07]} 28. Qf3 {[%clk 0:03:54]} Bd7
{[%clk 0:07:08]} 29. Nce4 {[%clk 0:03:29]} Nxe4 {[%clk 0:07:05]} 30. Rxd7#
{[%clk 0:03:54]} 1-0

[Event "EYTCC-G"]
[Site "?"]
[Date "2017.08.20"]
[Round "4.16"]
[White "Nestorovic, Katarina"]
[Black "Kassay, Lilla"]
[Result "1-0"]
[BlackElo "2011"]
[WhiteElo "1941"]
[LiveChessVersion "1.4.6"]

1. e4 {[%clk 1:30:57]} c5 {[%clk 1:30:55]} 2. Nf3 {[%clk 1:31:22]} d6
{[%clk 1:31:20]} 3. d4 {[%clk 1:31:47]} cxd4 {[%clk 1:31:45]} 4. Nxd4
{[%clk 1:32:13]} Nf6 {[%clk 1:32:05]} 5. Nc3 {[%clk 1:32:34]} a6 {[%clk 1:32:29]}
6. Nb3 {[%clk 1:32:44]} e6 {[%clk 1:31:50]} 7. g4 {[%clk 1:32:38]} Be7
{[%clk 1:28:47]} 8. g5 {[%clk 1:31:59]} Nfd7 {[%clk 1:28:52]} 9. f4
{[%clk 1:32:07]} b5 {[%clk 1:23:16]} 10. a3 {[%clk 1:24:59]} Bb7 {[%clk 1:18:46]}
11. Bg2 {[%clk 1:24:31]} Nc6 {[%clk 1:14:44]} 12. Bd2 {[%clk 1:21:46]} Nb6
{[%clk 1:12:28]} 13. Qh5 {[%clk 1:18:56]} b4 {[%clk 1:02:42]} 14. axb4
{[%clk 1:15:22]} Nxb4 {[%clk 1:02:49]} 15. O-O-O {[%clk 1:14:06]} Nc4
{[%clk 0:59:15]} 16. Rhg1 {[%clk 1:03:40]} a5 {[%clk 0:47:47]} 17. g6
{[%clk 0:56:37]} Kf8 {[%clk 0:36:24]} 18. gxf7 {[%clk 0:53:25]} Qb6
{[%clk 0:27:24]} 19. Na4 {[%clk 0:31:06]} Nd3+ {[%clk 0:18:27]} 20. Kb1
{[%clk 0:21:21]} Nxd2+ {[%clk 0:17:04]} 21. Nxd2 {[%clk 0:21:37]} Qb4
{[%clk 0:15:41]} 22. cxd3 {[%clk 0:20:49]} Qxa4 {[%clk 0:16:05]} 23. Nc4
{[%clk 0:16:17]} Qb4 {[%clk 0:13:27]} 24. Bh3 {[%clk 0:15:19]} Bxe4
{[%clk 0:12:32]} 25. Bxe6 {[%clk 0:14:22]} Bc6 {[%clk 0:08:30]} 26. Rxg7
{[%clk 0:13:03]} Bf6 {[%clk 0:07:41]} 27. Rg8+ {[%clk 0:08:02]} Ke7
{[%clk 0:08:03]} 28. Qe2 {[%clk 0:08:13]} Be5 {[%clk 0:04:57]} 29. Nxe5
{[%clk 0:07:27]} dxe5 {[%clk 0:05:01]} 30. Qxe5 {[%clk 0:06:30]} Qd6
{[%clk 0:05:12]} 31. Qxh8 {[%clk 0:05:32]} 1-0

[Event "EYTCC-G"]
[Site "?"]
[Date "2017.08.20"]
[Round "4.17"]
[White "Olechnicka, Karolina"]
[Black "Sucikova, Svetlana"]
[Result "0-1"]
[BlackElo "2015"]
[WhiteElo "1938"]
[LiveChessVersion "1.4.6"]

1. e4 {[%clk 1:30:56]} c6 {[%clk 1:28:53]} 2. d4 {[%clk 1:31:21]} d5
{[%clk 1:28:47]} 3. Nd2 {[%clk 1:31:44]} dxe4 {[%clk 1:28:44]} 4. Nxe4
{[%clk 1:32:07]} Bf5 {[%clk 1:28:37]} 5. Ng3 {[%clk 1:32:31]} Bg6
{[%clk 1:28:27]} 6. Nf3 {[%clk 1:32:52]} Nd7 {[%clk 1:27:43]} 7. h4
{[%clk 1:33:16]} h6 {[%clk 1:27:17]} 8. h5 {[%clk 1:33:37]} Bh7 {[%clk 1:26:22]}
9. Bd3 {[%clk 1:34:01]} Bxd3 {[%clk 1:26:22]} 10. Qxd3 {[%clk 1:34:25]} e6
{[%clk 1:26:41]} 11. Bd2 {[%clk 1:33:35]} Ngf6 {[%clk 1:26:41]} 12. O-O-O
{[%clk 1:33:49]} Be7 {[%clk 1:26:44]} 13. Ne4 {[%clk 1:33:03]} Nxe4
{[%clk 1:27:06]} 14. Qxe4 {[%clk 1:33:28]} Nf6 {[%clk 1:27:28]} 15. Qe2
{[%clk 1:33:28]} Qd5 {[%clk 1:25:54]} 16. Kb1 {[%clk 1:18:26]} O-O
{[%clk 1:22:53]} 17. Ne5 {[%clk 1:02:32]} Rad8 {[%clk 1:10:50]} 18. f3
{[%clk 0:54:57]} c5 {[%clk 0:55:52]} 19. dxc5 {[%clk 0:31:45]} Qxc5
{[%clk 0:55:20]} 20. g4 {[%clk 0:31:53]} Nd5 {[%clk 0:46:59]} 21. f4
{[%clk 0:28:18]} Nb4 {[%clk 0:39:28]} 22. c3 {[%clk 0:21:59]} Nc6
{[%clk 0:34:32]} 23. Nxc6 {[%clk 0:17:54]} Qxc6 {[%clk 0:29:12]} 24. g5
{[%clk 0:15:18]} Qd5 {[%clk 0:29:24]} 25. gxh6 {[%clk 0:14:08]} gxh6
{[%clk 0:27:34]} 26. Ka1 {[%clk 0:12:58]} Kh7 {[%clk 0:26:31]} 27. Be3
{[%clk 0:07:46]} Qe4 {[%clk 0:24:54]} 28. Qf2 {[%clk 0:08:05]} Rg8
{[%clk 0:18:16]} 29. Bxa7 {[%clk 0:04:50]} Rg2 {[%clk 0:18:21]} 30. Qe3
{[%clk 0:04:48]} Qc2 {[%clk 0:13:16]} 31. Rb1 {[%clk 0:05:10]} Ba3
{[%clk 0:12:26]} 32. Qb6 {[%clk 0:03:21]} Rdd2 {[%clk 0:12:47]} 33. Qxb7
{[%clk 0:00:52]} Bxb2+ {[%clk 0:12:17]} 34. Rxb2 {[%clk 0:00:44]} Qxb2+
{[%clk 0:12:40]} 35. Qxb2 {[%clk 0:01:09]} Rxb2 {[%clk 0:13:03]} 36. Bd4
{[%clk 0:01:27]} Rxa2+ {[%clk 0:13:07]} 37. Kb1 {[%clk 0:01:53]} Rgb2+
{[%clk 0:13:27]} 38. Kc1 {[%clk 0:02:17]} Rh2 {[%clk 0:12:30]} 39. Rxh2
{[%clk 0:02:26]} Rxh2 {[%clk 0:12:54]} 40. Be5 {[%clk 0:32:18]} Kg8
{[%clk 0:42:35]} 41. Bd6 {[%clk 0:30:31]} f6 {[%clk 0:39:16]} 42. c4
{[%clk 0:30:25]} Kf7 {[%clk 0:39:35]} 43. c5 {[%clk 0:30:36]} Ke8
{[%clk 0:39:57]} 44. c6 {[%clk 0:30:03]} Rxh5 {[%clk 0:40:06]} 0-1

[Event "EYTCC-G"]
[Site "?"]
[Date "2017.08.20"]
[Round "4.18"]
[White "Vrtiakova, Anna"]
[Black "Moscicka, Pola"]
[Result "0-1"]
[BlackElo "1869"]
[WhiteElo "1971"]
[LiveChessVersion "1.4.6"]

1. d4 {[%clk 1:30:56]} Nf6 {[%clk 1:30:47]} 2. Nc3 {[%clk 1:31:10]} d5
{[%clk 1:30:26]} 3. Bf4 {[%clk 1:31:19]} e6 {[%clk 1:28:35]} 4. e3
{[%clk 1:28:52]} Bb4 {[%clk 1:26:47]} 5. Bd3 {[%clk 1:26:25]} Nbd7
{[%clk 1:22:46]} 6. Nge2 {[%clk 1:18:38]} O-O {[%clk 1:19:10]} 7. a3
{[%clk 1:14:14]} Bd6 {[%clk 1:14:34]} 8. O-O {[%clk 0:56:28]} Bxf4
{[%clk 1:13:14]} 9. Nxf4 {[%clk 0:56:22]} c5 {[%clk 1:13:14]} 10. Re1
{[%clk 0:54:28]} a6 {[%clk 1:09:13]} 11. Bf1 {[%clk 0:46:18]} Qc7
{[%clk 1:07:17]} 12. Qf3 {[%clk 0:41:46]} b5 {[%clk 1:03:29]} 13. Qg3
{[%clk 0:33:43]} Qb6 {[%clk 1:00:20]} 14. Rad1 {[%clk 0:31:40]} Bb7
{[%clk 0:59:35]} 15. Qh4 {[%clk 0:25:42]} Rac8 {[%clk 0:55:51]} 16. Nd3
{[%clk 0:22:34]} c4 {[%clk 0:50:21]} 17. Ne5 {[%clk 0:18:17]} a5 {[%clk 0:45:17]}
18. Nxd7 {[%clk 0:16:23]} Nxd7 {[%clk 0:45:36]} 19. f3 {[%clk 0:14:18]} b4
{[%clk 0:42:14]} 20. axb4 {[%clk 0:13:03]} axb4 {[%clk 0:37:18]} 21. Ne2
{[%clk 0:12:21]} Ra8 {[%clk 0:36:42]} 22. Nc1 {[%clk 0:11:14]} Rfc8
{[%clk 0:32:56]} 23. e4 {[%clk 0:09:22]} Qc7 {[%clk 0:29:30]} 24. e5
{[%clk 0:07:57]} Nb6 {[%clk 0:28:41]} 25. b3 {[%clk 0:06:06]} Ba6
{[%clk 0:24:32]} 26. f4 {[%clk 0:05:25]} cxb3 {[%clk 0:21:28]} 27. cxb3
{[%clk 0:04:08]} Bxf1 {[%clk 0:18:42]} 28. Rxf1 {[%clk 0:04:18]} h6
{[%clk 0:14:22]} 29. Qf2 {[%clk 0:02:46]} Qc2 {[%clk 0:10:06]} 30. Nd3
{[%clk 0:01:41]} Qxb3 {[%clk 0:09:13]} 31. Nc5 {[%clk 0:01:55]} Qa2
{[%clk 0:07:45]} 32. Qxa2 {[%clk 0:00:42]} Rxa2 {[%clk 0:08:08]} 33. Rb1
{[%clk 0:01:07]} Nc4 {[%clk 0:08:07]} 34. Rxb4 {[%clk 0:01:12]} Ne3
{[%clk 0:08:07]} 35. Rf3 {[%clk 0:00:40]} Rxg2+ {[%clk 0:07:17]} 36. Kh1
{[%clk 0:01:03]} Re2 {[%clk 0:07:41]} 37. Rb1 {[%clk 0:00:34]} Nf5
{[%clk 0:07:10]} 38. Nb3 {[%clk 0:00:31]} Rcc2 {[%clk 0:06:30]} 39. Rh3
{[%clk 0:00:34]} Rf2 {[%clk 0:05:09]} 40. Kg1 {[%clk 0:30:32]} Rxf4
{[%clk 0:34:52]} 41. Nc5 {[%clk 0:29:00]} Nxd4 {[%clk 0:27:28]} 42. Nd7
{[%clk 0:25:43]} Rc8 {[%clk 0:24:39]} 43. Ra3 {[%clk 0:24:38]} Kh7
{[%clk 0:22:10]} 44. Ra7 {[%clk 0:22:52]} Rf5 {[%clk 0:19:34]} 45. Rab7
{[%clk 0:20:57]} Nf3+ {[%clk 0:18:23]} 46. Kg2 {[%clk 0:20:36]} Rc2+
{[%clk 0:17:49]} 47. Kg3 {[%clk 0:20:30]} h5 {[%clk 0:16:07]} 48. h4
{[%clk 0:18:36]} g5 {[%clk 0:11:59]} 49. Nf8+ {[%clk 0:15:07]} Kg8
{[%clk 0:10:58]} 50. hxg5 {[%clk 0:13:36]} h4+ {[%clk 0:09:58]} 51. Kg4
{[%clk 0:13:19]} Rg2+ {[%clk 0:10:09]} 0-1

[Event "EYTCC-G"]
[Site "?"]
[Date "2017.08.21"]
[Round "5.1"]
[White "Martynkova, Olena"]
[Black "Kiolbasa, Oliwia"]
[Result "1/2-1/2"]
[BlackElo "2241"]
[WhiteElo "2179"]
[LiveChessVersion "1.4.6"]

1. c4 {[%clk 1:30:50]} c5 {[%clk 1:30:23]} 2. Nf3 {[%clk 1:30:45]} Nc6
{[%clk 1:30:29]} 3. d4 {[%clk 1:30:03]} cxd4 {[%clk 1:29:47]} 4. Nxd4
{[%clk 1:30:16]} g6 {[%clk 1:29:21]} 5. e4 {[%clk 1:28:42]} Bg7 {[%clk 1:29:21]}
6. Be3 {[%clk 1:27:15]} Nf6 {[%clk 1:29:28]} 7. Nc3 {[%clk 1:26:49]} d6
{[%clk 1:29:01]} 8. Be2 {[%clk 1:26:09]} O-O {[%clk 1:29:12]} 9. O-O
{[%clk 1:23:09]} Bd7 {[%clk 1:28:35]} 10. Nc2 {[%clk 1:17:53]} a5
{[%clk 1:25:50]} 11. f3 {[%clk 1:13:56]} a4 {[%clk 1:24:00]} 12. Na3
{[%clk 1:09:43]} Ne5 {[%clk 1:14:37]} 13. Qd2 {[%clk 1:03:21]} Qa5
{[%clk 1:07:53]} 14. Rac1 {[%clk 1:00:15]} Rfc8 {[%clk 1:06:48]} 15. Rfd1
{[%clk 0:55:07]} h5 {[%clk 0:57:33]} 16. h3 {[%clk 0:44:59]} Kh7 {[%clk 0:47:22]}
17. Nd5 {[%clk 0:34:58]} Qxd2 {[%clk 0:46:43]} 18. Bxd2 {[%clk 0:34:56]} Nxd5
{[%clk 0:46:52]} 19. cxd5 {[%clk 0:35:02]} f5 {[%clk 0:46:00]} 20. exf5
{[%clk 0:31:02]} Bxf5 {[%clk 0:44:34]} 21. Be3 {[%clk 0:25:37]} Bf6
{[%clk 0:30:35]} 22. g4 {[%clk 0:21:44]} hxg4 {[%clk 0:29:31]} 23. hxg4
{[%clk 0:19:57]} Bd7 {[%clk 0:27:46]} 24. Kg2 {[%clk 0:17:53]} g5
{[%clk 0:24:12]} 25. Rxc8 {[%clk 0:12:33]} Rxc8 {[%clk 0:23:11]} 26. Rc1
{[%clk 0:12:33]} Rxc1 {[%clk 0:20:44]} 27. Bxc1 {[%clk 0:13:01]} Be8
{[%clk 0:19:19]} 28. Nb5 {[%clk 0:08:36]} Bf7 {[%clk 0:15:41]} 29. Nc7
{[%clk 0:08:33]} Nd7 {[%clk 0:13:28]} 30. Ne6 {[%clk 0:05:38]} Bxe6
{[%clk 0:11:36]} 31. dxe6 {[%clk 0:06:05]} Nc5 {[%clk 0:11:59]} 32. Bc4
{[%clk 0:04:52]} Kg6 {[%clk 0:11:23]} 33. b4 {[%clk 0:04:27]} axb3
{[%clk 0:11:45]} 34. axb3 {[%clk 0:04:52]} b5 {[%clk 0:10:01]} 35. Bxb5
{[%clk 0:03:00]} Nxb3 {[%clk 0:10:17]} 36. Be3 {[%clk 0:03:10]} Bd4
{[%clk 0:07:58]} 37. Bc4 {[%clk 0:02:15]} Bxe3 {[%clk 0:08:00]} 38. Bxb3
{[%clk 0:02:42]} Kf6 {[%clk 0:08:22]} 39. Kf1 {[%clk 0:02:01]} Ke5
{[%clk 0:08:40]} 40. Ke2 {[%clk 0:32:28]} Bg1 {[%clk 0:36:42]} 41. Kd3
{[%clk 0:31:31]} d5 {[%clk 0:36:49]} 42. Ba4 {[%clk 0:30:46]} Kxe6
{[%clk 0:35:48]} 43. Be8 {[%clk 0:30:25]} Ke5 {[%clk 0:35:03]} 44. Bg6
{[%clk 0:30:01]} Kf4 {[%clk 0:33:48]} 45. Ke2 {[%clk 0:30:07]} Bc5
{[%clk 0:32:29]} 46. Bf5 {[%clk 0:28:24]} Ke5 {[%clk 0:31:57]} 47. Kd3
{[%clk 0:27:42]} Kf4 {[%clk 0:32:09]} 48. Ke2 {[%clk 0:27:58]} e5
{[%clk 0:31:52]} 49. Be6 {[%clk 0:27:52]} e4 {[%clk 0:32:02]} 50. Bxd5
{[%clk 0:27:37]} exf3+ {[%clk 0:32:14]} 51. Bxf3 {[%clk 0:27:59]} Bb6
{[%clk 0:32:36]} 52. Bc6 {[%clk 0:28:07]} Kxg4 {[%clk 0:33:01]} 53. Bd7+
{[%clk 0:28:27]} Kg3 {[%clk 0:33:26]} 54. Kd3 {[%clk 0:28:45]} g4
{[%clk 0:33:51]} 55. Bxg4 {[%clk 0:29:03]} Kxg4 {[%clk 0:34:17]} 56. Ke4 1/2-1/2